| 000 | 01824cam a22003374a 4500 | ||
|---|---|---|---|
| 999 |
_c21091 _d21091 |
||
| 001 | 13397063 | ||
| 003 | OSt | ||
| 005 | 20200608110628.0 | ||
| 008 | 031106s2004 ii b 001 0 eng | ||
| 010 | _a 2003024430 | ||
| 020 | _a0761997962 (cloth) | ||
| 040 |
_aDLC _coclc _dDLC |
||
| 042 | _apcc | ||
| 043 | _aas----- | ||
| 050 | 0 | 0 |
_aKNC982.W66 _bV56 2004 |
| 082 | 0 | 0 |
_a342.540878 _bGOO/V |
| 100 |
_92610 _aGooesekeere, Savitri |
||
| 245 | 0 | 0 |
_aViolence, law, and women's rights in South Asia / _cSavitri Goonesekere. |
| 246 | 1 | 4 | _aViolence, law & women's rights in South Asia |
| 260 |
_aNew Delhi ; _aThousand Oaks, Calif. : _bSage Publications, _cc2004. |
||
| 300 | _a352 p | ||
| 504 | _aIncludes bibliographical references (p. [331]-339) and index. | ||
| 505 | 0 | _aOverview : reflections on violence against women and the legal systems of some South Asian countries / Savitri Goonesekere -- Violence against women and the Indian law / Kirti Singh -- Violence against women : the legal systems and institutional responses in Pakistan / Hina Gilani and Emam M. Ahmed -- Sri Lanka : the law's response to women victims of violence / Shyamala Gomez and Mario Gomez. | |
| 650 | 0 |
_aAbused women _xLegal status, laws, etc. _zSouth Asia. |
|
| 700 | 1 | _aGoonesekere, Savitri. | |
| 856 | 4 | 1 |
_3Table of contents only _uhttp://www.loc.gov/catdir/toc/ecip0411/2003024430.html |
| 856 | 4 | 2 |
_3Publisher description _uhttp://www.loc.gov/catdir/enhancements/fy0657/2003024430-d.html |
| 906 |
_a7 _bcbc _corignew _d1 _eecip _f20 _gy-gencatlg |
||
| 942 |
_2ddc _cBK _h342.540878 _iGOO/V _k342.540878 _mGOO/V |
||